00441nam a22001692 4500001001100000005001700011008004100028020002600069040001500095050002200110100003700132245001200169250001200181260003900193300001500232650002400247000000590520151217154356.0070809s xx 000 0 eng d a8120302168 :cKES 300 aKABUcKABU 0aBJ1012b.F73 19731 aFrankena, William K.@000015718810aEthics. a2nd ed. aNew Delhi :bPrentice Hall,c2005. axv, 125 p. 0aEthics.@0000148122